00358nam a2200121Ia 4500003000400000008004100004040001600045082001500061245007900076260006500155300001100220490000500231GCL140319s9999 xx 000 0 ara d aGCL / cGCL04a404bن ا10aالاحتلال اللسانى سيسمياء التخطيط النفسى a[S.N] : bالمركز الثقافى العربى ، c1992 a183 ص a